01127cam a22003257a 4500003000500000005001700005008004100022010001000063011001000073035001000083040000900093082002100102100002900123245003600152260002900188300001100217490003600228590004100264590004100305590004100346590004100387590004200428650004500470830004000515901000700555942001000562949007100572999001700643952014100660CHAP20220329140520.0971013s1966 r 00010 d a53182 a54154 a58304 cCHAP a080bS4Y v.21-2200aRoss, Stanley R.9100196 0aIs the Mexican Revolution dead? aNew York :bKnopf,c1966 a255 p. 0aA borbozi book in Latin America aBATCH-UPDb10c20130110lUCH01h0521 aBATCH-UPDb10c20130110lUCH01h2303 aBATCH-UPDb10c20130410lUCH01h0200 aBATCH-UPDb10c20130914lUCH01h1827 aCONVERSIONb10c20130109lUCH01h132914aMéxicoxHistoriaxRevolución.9767680 aA borbozi book in Latin America962 aBK cLIBRO a080 S4Y v.21-22bBCcLIBROd33724000317285eLIBROh66257i58304si c53182d53182 00102ddc4052708GRALaBCbBCcPA_GRALd2019-12-31fLIBROl0o080 S4Y v.21-22p33724000317285r2019-12-31 00:00:00w2019-12-31yLIBRO